|
|
|
|
| LEADER |
00000nam a2200000 a 4500 |
| 001 |
vtls010336442 |
| 003 |
SK-MaSNL |
| 005 |
20260301173456.0 |
| 008 |
151112s2011 xo bolac 000 0 slo |
| 015 |
|
|
|a SNBA2012/03-01477
|
| 020 |
|
|
|a 9788010020614 (brož.)
|
| 035 |
|
|
|a 7188C4AE-D0FB-4742-992D-A9E64F654FE6
|
| 035 |
|
|
|a urn:nbn:sk:snk-amjxtd
|
| 035 |
|
|
|a urn:nbn:sk:snk-am007zrd
|
| 040 |
|
|
|a SNK
|b slo
|c SNK
|e AACR2
|
| 041 |
0 |
|
|a slo
|
| 044 |
|
|
|a xo
|c SK
|
| 072 |
|
7 |
|a 93/94
|x Dejiny (všeobecne)
|2 konspekt
|
| 072 |
|
7 |
|a 37.016
|x Učebné osnovy. Vyučovacie predmety. Učebnice
|2 konspekt
|
| 080 |
|
|
|a 93/94
|2 2001
|
| 080 |
|
|
|a (075.2)
|2 2001
|
| 080 |
|
|
|a (075.3)
|2 2001
|
| 245 |
0 |
0 |
|a Dejepis pre 7. ročník základnej školy a 2. ročník gymnázia s osemročným štúdiom
|c Ján Lukačka ... [et al.]
|
| 250 |
|
|
|a 1. vyd.
|
| 260 |
|
|
|a Bratislava
|b Slovenské pedagogické nakladateľstvo - Mladé letá
|c 2011
|
| 300 |
|
|
|a 103 s.
|b fareb. fotogr., ilustr., mp., sch.
|c 30 cm
|
| 504 |
|
|
|a Bibliogr. odkazy
|
| 650 |
0 |
7 |
|a dejepis
|2 SNKPH
|9 4288
|
| 650 |
0 |
7 |
|a History
|2 SNKPHeng
|9 265139
|
| 655 |
|
7 |
|a učebnice základných škôl
|2 SNKPH
|9 70187
|
| 655 |
|
7 |
|a učebnice stredných škôl
|2 SNKPH
|9 69323
|
| 655 |
|
7 |
|a Textbooks (elementary)
|2 SNKPHeng
|9 276977
|
| 655 |
|
7 |
|a Textbooks (secondary)
|2 SNKPH
|9 276359
|
| 700 |
1 |
|
|a Lukačka, Ján,
|d 1952-
|4 aut
|9 102667
|
| 700 |
1 |
|
|a Tonková, Mária,
|d 1953-
|4 aut
|9 7902
|
| 700 |
1 |
|
|a Kačírek, Ľuboš,
|d 1971-
|4 aut
|9 211639
|
| 700 |
1 |
|
|a Hanová, Soňa
|4 aut
|9 338270
|
| 852 |
|
|
|a Štátna vedecká knižnica v Banskej Bystrici
|
| 919 |
|
|
|a 978-80-10-02061-4
|
| 958 |
|
|
|a NB
|
| 968 |
|
|
|d 37
|
| 999 |
|
|
|c 836748
|d 838678
|
| 952 |
|
|
|a SNK
|b SNK
|y PREZ
|7 0
|p 17A0876451
|o snkSB 82435
|i snk2012/2496
|8 0
|0 0
|1 0
|4 0
|d 2012-01-31
|f 1
|l 0
|r 2025-05-06 00:00:00
|w 2026-02-24
|
| 952 |
|
|
|a SNK
|b SNK
|y VYP
|7 0
|p 17A0876452
|o snkSB 82435 D1
|i snk2012/2498
|8 0
|0 0
|1 0
|4 0
|d 2012-01-31
|l 0
|r 2016-06-30 00:00:00
|w 2026-02-24
|